El libro de la jungla /

Un chico criado por los lobos, una pantera, un oso, un despótico tigre, monos locos y una serpiente son los protagonistas de esta historia surgida de la imaginación del británico Rudyard Kipling (1865-1936), quien dotó de pensamiento y sabiduría a los seres que, en su tiempo, se consideraban "i...

Descripción completa

Guardado en:
Autor Principal: Kipling, Rudyard.
Otros Autores: Hartfiel, Claudia; adapt., Noé, Ignacio; il.
Formato: Libro
Idioma:Undetermined
Publicado: Buenos Aires : AGEA, 2004.
Edición:1a ed.
Series:Enseñar 1er ciclo
Materias:
Etiquetas: Agregar Etiqueta
Sin Etiquetas, Sea el primero en etiquetar este registro!
LEADER 01218nam a22002775a 4500
001 CEM.cems021211
008 240605s2004####ag############000#0#und#d
005 20240605153119.0
245 1 0 |a El libro de la jungla /  |c Rudyard Kipling ; adaptado por Claudia Hartfiel ; ilustrado por Ignacio Noé. 
250 |a 1a ed. 
260 |a Buenos Aires :  |b AGEA,  |c 2004. 
300 |a 64 p. 
490 1 |a Enseñar 1er ciclo 
520 |a Un chico criado por los lobos, una pantera, un oso, un despótico tigre, monos locos y una serpiente son los protagonistas de esta historia surgida de la imaginación del británico Rudyard Kipling (1865-1936), quien dotó de pensamiento y sabiduría a los seres que, en su tiempo, se consideraban "inferiores". 
020 |a 9507824669 
100 1 |a Kipling, Rudyard. 
700 1 |a Hartfiel, Claudia; adapt. 
700 1 |a Noé, Ignacio; il. 
653 |a Literatura infantil 
653 |a Literatura juvenil 
653 |a Novela juvenil 
653 |a Novela infantil 
653 |a Literatura inglesa 
653 |a Novela de aventuras 
859 |a CEMS  |b BIB. CEMS - Inicial y Primaria  |h 823.8  |i K628-3  |k IP  |p 6800  |t Ej.1 
859 |a CEMS  |b BIB. CEMS - Inicial y Primaria  |h 823.8  |i K628-3  |k IP  |p 6801  |t Ej.2